ロード中...

Apamanithar /

書誌詳細
第一著者: Mohammed Kunni, Pk
言語:Undetermined
出版事項: Kottayam : National Book Stall , 1985.
LEADER 00598nam a2200145Ia 4500
001 58654
008 170722s9999 xx 000 0 und d
100 |a Mohammed Kunni, Pk 
245 |a Apamanithar / 
260 |a Kottayam :  |b National Book Stall ,  |c 1985. 
300 |a 125 p.  |c 18cms 
942 |c GEN 
999 |c 104181  |d 104181 
952 |0 0  |1 0  |4 0  |6 O_32_2N2818X_M5KRM51  |7 0  |9 146788  |a LIB  |b LIB  |d 2017-08-12  |o O32,.2N2818x M5(KR),M5;1  |p 197878  |r 2017-08-12  |v 11.50  |w 2017-08-12  |y GEN 
952 |0 0  |1 0  |4 0  |6 O_32_2N2818X_M5KRM51  |7 0  |9 146789  |a LIB  |b LIB  |d 2017-08-12  |o O32,.2N2818x M5(KR),M5;1  |p 197879  |r 2017-08-12  |v 11.50  |w 2017-08-12  |y GEN